| 000 | 00719cam a2200229 a 4500 | ||
|---|---|---|---|
| 999 |
_c5087 _d5087 |
||
| 003 | OSt | ||
| 005 | 20220404081759.0 | ||
| 008 | 820412s1983 caua b 001 0 eng | ||
| 020 | _a0534011519 : | ||
| 040 | _cDLC | ||
| 050 | 0 | 0 |
_aRJ504 _b.T49 1983 |
| 100 | 1 | _aThompson, Charles L. | |
| 245 | 1 | 0 |
_aCounseling children / _cCharles L. Thompson, Linda B. Rudolph. |
| 260 |
_aMonterey, Calif. : _bBrooks/Cole Pub. Co., _cc1983. |
||
| 300 |
_axiii, 400 p. : _bill. ; _c25 cm. |
||
| 504 | _aIncludes bibliographies and indexes. | ||
| 650 | 0 | _aChild psychotherapy. | |
| 650 | 0 |
_aChildren _xCounseling of. |
|
| 700 | 1 |
_aRudolph, Linda B., _d1937- |
|
| 906 |
_a7 _bcbc _corignew _d1 _eocip _f19 _gy-gencatlg |
||
| 942 |
_2lcc _cBK _nMM |
||